<?xml version="1.0" encoding="UTF-8"?>
<record
    xmlns:xsi="http://www.w3.org/2001/XMLSchema-instance"
    xsi:schemaLocation="http://www.loc.gov/MARC21/slim http://www.loc.gov/standards/marcxml/schema/MARC21slim.xsd"
    xmlns="http://www.loc.gov/MARC21/slim">

  <leader>00761nam a22001337a 4500</leader>
  <datafield tag="040" ind1=" " ind2=" ">
    <subfield code="c">RUA</subfield>
  </datafield>
  <datafield tag="082" ind1=" " ind2=" ">
    <subfield code="a">AGR SNG 2017 B630 Or.1</subfield>
  </datafield>
  <datafield tag="100" ind1=" " ind2=" ">
    <subfield code="a">SNGUON SAIYA,&#x179F;&#x17D2;&#x1784;&#x17BD;&#x1793; &#x179F;&#x17C3;&#x1799;&#x17C9;&#x17B6;</subfield>
  </datafield>
  <datafield tag="245" ind1=" " ind2=" ">
    <subfield code="a">&#x17CC;&#x17A5;&#x1791;&#x17D2;&#x178C;&#x17B7;&#x1796;&#x179B;&#x1793;&#x17C3;&#x1780;&#x17B6;&#x179A;&#x1794;&#x17D2;&#x179A;&#x17BE;&#x1794;&#x17D2;&#x179A;&#x17B6;&#x179F;&#x17CB;&#x1795;&#x17D2;&#x179F;&#x17B7;&#x178F;&#x1787;&#x17B8;&#x179C;&#x179F;&#x17B6;&#x179F;&#x17D2;&#x179A;&#x17D2;&#x178F;&#x1791;&#x17D2;&#x179A;&#x17B8;&#x1780;&#x17BC;&#x178C;&#x17B9;&#x1798;&#x17C9;&#x17B6;&#x1793;&#x17B7;&#x1784;&#x1790;&#x17D2;&#x1793;&#x17B6;&#x17C6;&#x1782;&#x17B8;&#x1798;&#x17B8;&#x1793;&#x17C5;&#x179B;&#x17BE;&#x1787;&#x17C6;&#x1784;&#x17BA;&#x179A;&#x179B;&#x17BD;&#x1799;&#x1782;&#x179B;&#x17CB;&#x179B;&#x17CB;&#x178A;&#x17C6;&#x178E;&#x17B6;&#x17C6;&#x1781;&#x17B6;&#x178F;&#x17CB;&#x178E;&#x17B6; effective of Trichhoderma harzianum AS biological and fungicide for controlling damping off on chinese kale</subfield>
  </datafield>
  <datafield tag="260" ind1=" " ind2=" ">
    <subfield code="a">RUA</subfield>
    <subfield code="b">PHNOM PENH </subfield>
    <subfield code="c">2017</subfield>
  </datafield>
  <datafield tag="300" ind1=" " ind2=" ">
    <subfield code="a">xii;41p</subfield>
    <subfield code="b">ill;</subfield>
    <subfield code="c">29cm</subfield>
  </datafield>
  <datafield tag="856" ind1=" " ind2=" ">
    <subfield code="u">https://drive.google.com/file/d/1yn33N8CYow2-8FUefiKYq1mIxveIZHK3/view?usp=sharing</subfield>
  </datafield>
  <datafield tag="942" ind1=" " ind2=" ">
    <subfield code="c">AGR</subfield>
  </datafield>
  <datafield tag="999" ind1=" " ind2=" ">
    <subfield code="c">17890</subfield>
    <subfield code="d">17890</subfield>
  </datafield>
  <datafield tag="952" ind1=" " ind2=" ">
    <subfield code="0">0</subfield>
    <subfield code="1">0</subfield>
    <subfield code="2">ddc</subfield>
    <subfield code="4">0</subfield>
    <subfield code="6">AGR_SNG_2017_000000000000000_B630_OR_1</subfield>
    <subfield code="7">0</subfield>
    <subfield code="9">78757</subfield>
    <subfield code="a">LBB</subfield>
    <subfield code="b">LBB</subfield>
    <subfield code="c">B630</subfield>
    <subfield code="d">2019-05-24</subfield>
    <subfield code="o">AGR SNG 2017 B630 Or.1</subfield>
    <subfield code="p">A44874</subfield>
    <subfield code="r">2019-05-24</subfield>
    <subfield code="w">2019-05-24</subfield>
    <subfield code="y">AGR</subfield>
  </datafield>
  <datafield tag="952" ind1=" " ind2=" ">
    <subfield code="0">0</subfield>
    <subfield code="1">0</subfield>
    <subfield code="2">ddc</subfield>
    <subfield code="4">0</subfield>
    <subfield code="6">AGR_SNG_2017_000000000000000_B630_OR_2</subfield>
    <subfield code="7">0</subfield>
    <subfield code="9">78758</subfield>
    <subfield code="a">LBB</subfield>
    <subfield code="b">LBB</subfield>
    <subfield code="c">B630</subfield>
    <subfield code="d">2019-05-24</subfield>
    <subfield code="l">1</subfield>
    <subfield code="o">AGR SNG 2017 B630 Or.2</subfield>
    <subfield code="p">A44267</subfield>
    <subfield code="r">2024-05-20</subfield>
    <subfield code="s">2024-05-07</subfield>
    <subfield code="w">2019-05-24</subfield>
    <subfield code="y">AGR</subfield>
  </datafield>
  <datafield tag="952" ind1=" " ind2=" ">
    <subfield code="0">0</subfield>
    <subfield code="1">0</subfield>
    <subfield code="2">ddc</subfield>
    <subfield code="4">0</subfield>
    <subfield code="6">AGR_SNG_2017_000000000000000_B630_OR_3</subfield>
    <subfield code="7">0</subfield>
    <subfield code="9">78759</subfield>
    <subfield code="a">LBB</subfield>
    <subfield code="b">LBB</subfield>
    <subfield code="c">B630</subfield>
    <subfield code="d">2019-05-24</subfield>
    <subfield code="l">1</subfield>
    <subfield code="o">AGR SNG 2017 B630 Or.3</subfield>
    <subfield code="p">A44263</subfield>
    <subfield code="r">2024-03-15</subfield>
    <subfield code="s">2024-03-01</subfield>
    <subfield code="w">2019-05-24</subfield>
    <subfield code="y">AGR</subfield>
  </datafield>
  <datafield tag="952" ind1=" " ind2=" ">
    <subfield code="0">0</subfield>
    <subfield code="1">0</subfield>
    <subfield code="2">ddc</subfield>
    <subfield code="4">0</subfield>
    <subfield code="6">AGR_SNG_2017_000000000000000_B630_OR_4</subfield>
    <subfield code="7">0</subfield>
    <subfield code="9">78760</subfield>
    <subfield code="a">LBB</subfield>
    <subfield code="b">LBB</subfield>
    <subfield code="c">B630</subfield>
    <subfield code="d">2019-05-24</subfield>
    <subfield code="l">1</subfield>
    <subfield code="o">AGR SNG 2017 B630 Or.4</subfield>
    <subfield code="p">A44587</subfield>
    <subfield code="r">2021-01-27</subfield>
    <subfield code="s">2021-01-26</subfield>
    <subfield code="w">2019-05-24</subfield>
    <subfield code="y">AGR</subfield>
  </datafield>
  <datafield tag="952" ind1=" " ind2=" ">
    <subfield code="0">0</subfield>
    <subfield code="1">0</subfield>
    <subfield code="2">ddc</subfield>
    <subfield code="4">0</subfield>
    <subfield code="6">AGR_SNG_2017_000000000000000_B630_OR_5</subfield>
    <subfield code="7">0</subfield>
    <subfield code="9">78761</subfield>
    <subfield code="a">LBB</subfield>
    <subfield code="b">LBB</subfield>
    <subfield code="c">B630</subfield>
    <subfield code="d">2019-05-24</subfield>
    <subfield code="o">AGR SNG 2017 B630 Or.5</subfield>
    <subfield code="p">A44665</subfield>
    <subfield code="r">2019-05-24</subfield>
    <subfield code="w">2019-05-24</subfield>
    <subfield code="y">AGR</subfield>
  </datafield>
</record>
